Score 0/22 Timer 02:00
1 Play Today
Slogan Missing Word % Correct
Sweet ____ AlabamaHome
93.2%
The Lone ____ StateStar
90.9%
Live Free or ____Die
84.2%
____ StateSunshine
74.3%
Great ____Lakes
72.1%
Grand ____ StateCanyon
65.5%
____ Me StateShow
63.6%
____ StateGarden
60.7%
First in ____Flight
53.9%
____ StateEmpire
51.6%
Big ____ CountrySky
50.3%
Slogan Missing Word % Correct
Land of ____Lincoln
47.1%
Scenic Idaho, Famous ____Potatoes
45.1%
____ StateAloha
44%
The ____ StateFirst
42.7%
____ StateBluegrass
35.3%
The ____ StateVolunteer
29.6%
America's ____Dairyland
26.1%
____, WonderfulWild
19.4%
Land of ____Enchantment
19.3%
The ____ of AmericaCrossroads
10.9%
____ AmericaNative
9.9%

Today's Daily Dose

Remove Ads.
Support Sporcle.
Get the best of Sporcle when you Go Orange. This ad-free experience offers more features, more stats, and more fun while also helping to support Sporcle. Thank you for becoming a member.

You're not logged in!

Compare scores with friends on all Sporcle quizzes.
OR
Log In

Show Comments

Extras

Top Quizzes Today


Score Distribution

Your Account Isn't Verified!

In order to create a playlist on Sporcle, you need to verify the email address you used during registration. Go to your Sporcle Settings to finish the process.

Report this User

Report this user for behavior that violates our Community Guidelines.

Details: